• 首页
  • 本馆介绍
  • 公告通知
  • 最新文献
  • 馆藏检索
  • 电子资源
  • 读者导购
  • 参考咨询
  • 我的图书馆
  • 登录
  • 详细信息显示
  • 放入我的书架
  • 预约/预借图书
  • 作者相关作品
  • 分类相关作品
  • 丛书相关作品
  • 出版社相关作品

书目信息

  • 表格格式
  • 工作单格式
  • 卡片格式
题名:
桃病虫害绿色防控彩色图谱
    
 
作者: 张保常 , 王艳辉 , 贾峰勇 编著
分册:  
出版信息: 北京   中国农业出版社  2019.01
页数: 184页
开本: 21cm
丛书名:
单 册:
中图分类: S436.621-64
科图分类:
主题词: 桃--tao--病虫害防治--图谱
电子资源:
ISBN: 978-7-109-23722-3
000 01118nam0 2200277 450
001 0106081833
005 20201106082045.0
010    @a978-7-109-23722-3@dCNY39.00
100    @a20190406d2019 em y0chiy50 ea
101 0  @achi
102    @aCN@b110000
105    @aa az 000yy
106    @ar
200 1  @a桃病虫害绿色防控彩色图谱@Atao bing chong hai lv se fang kong cai se tu pu@f张保常, 王艳辉, 贾峰勇编著
210    @a北京@c中国农业出版社@d2019.01
215    @a184页@d21cm
300    @a果园病虫害防控一本通
320    @a有书目(第184页)
330    @a本书内容分上、下两篇,上篇为桃主要病虫害及防治技术,以图文并茂的形式介绍了桃生产上的主要病害、害虫及生理性病害的症状识别、发生规律与防治方法。下篇为桃病虫害绿色防控技术,主要介绍了农业防控技术、生态调控技术、理化诱控技术、生物防治技术、农药使用技术等,附有桃病虫害常用农药等内容。
606 0  @a桃@Atao@x病虫害防治@j图谱
690    @aS436.621-64@v5
701  0 @a张保常@Azhang bao chang@4编著
701  0 @a王艳辉@AWang Yan Hui@4编著
701  0 @a贾峰勇@Ajia feng yong@4编著
801  0 @aCN@bBJSZM@c20201106
905    @b1192668-71@dS436.621-64@e186@f4
    
    桃病虫害绿色防控彩色图谱/张保常, 王艳辉, 贾峰勇编著.-北京:中国农业出版社,2019.01
    184页;21cm
    果园病虫害防控一本通
    
    ISBN 978-7-109-23722-3:CNY39.00
    本书内容分上、下两篇,上篇为桃主要病虫害及防治技术,以图文并茂的形式介绍了桃生产上的主要病害、害虫及生理性病害的症状识别、发生规律与防治方法。下篇为桃病虫害绿色防控技术,主要介绍了农业防控技术、生态调控技术、理化诱控技术、生物防治技术、农药使用技术等,附有桃病虫害常用农药等内容。
●
相关链接 在E读中查询图书 在五车中查询图书 在当当中查询图书 在豆瓣中查询图书


正题名:桃病虫害绿色防控彩色图谱     索取号:S436.621-64/186         预约/预借

序号 登录号 条形码 馆藏地/架位号 状态 备注
1 1192668   211926683   第二样本阅览室/ [索取号:S436.621-64/186] 在馆    
2 1192669   211926692   第三借阅区/ [索取号:S436.621-64/186] 在馆    
3 1192670   211926709   第三借阅区/ [索取号:S436.621-64/186] 在馆    
4 1192671   211926718   第三借阅区/ [索取号:S436.621-64/186] 在馆    
唐山师范学院图书馆 欢迎您!
大连网信软件有限公司© 版权所有